[Event "Madrid ch Veteranos 2324"]
[Site "Madrid ESP"]
[Date "2024.03.11"]
[Round "1.23"]
[White "Cabanas Bravo, Juan Andres"]
[Black "Villodre Miranda, Juan Alonso"]
[Result "1-0"]
[WhiteElo "1927"]
[BlackElo "1727"]
[PlyCount "143"]
[EventDate "2024.03.11"]
[EventType "swiss"]
[EventRounds "9"]
[EventCountry "ESP"]
[SourceTitle "Ajedrez en Madrid"]
[Source "lmi"]
[SourceDate "2024.03.11"]
[SourceVersion "1"]
[SourceVersionDate "2024.03.23"]
[SourceQuality "1"]

1. e4 c6 2. Nc3 e6 3. d4 d5 4. e5 c5 5. Nce2 cxd4 6. Nxd4 Nc6 7. Ngf3 h6 8. Bd3
Nxd4 9. Nxd4 Ne7 10. O-O Nc6 11. Nf3 Qc7 12. Re1 Nb4 13. Be3 Nxd3 14. Qxd3 Bd7
15. Rad1 Bc5 16. Nd2 Bxe3 17. Rxe3 O-O-O 18. Qd4 Kb8 19. Ra3 a6 20. Rc3 Bc6 21.
a4 Qd7 22. Nb3 Bxa4 23. Nc5 Qb5 24. Nxa4 Rc8 25. b3 Rxc3 26. Nxc3 Qa5 27. Ne2
Rc8 28. c3 Qa2 29. Nc1 Qc2 30. Qd3 Qxc3 31. Qxc3 Rxc3 32. Kf1 b5 33. Ke1 Kb7
34. b4 Kb6 35. Kd2 Rc4 36. Nd3 a5 37. bxa5+ Kxa5 38. Ra1+ Kb6 39. Ra8 Rc7 40.
f4 g6 41. g4 Kb7 42. Rh8 b4 43. Nxb4 Kb6 44. Rxh6 Kb5 45. Nd3 Kc4 46. h4 Ra7
47. Kc2 Ra2+ 48. Nb2+ Kd4 49. Rh7 Ra7 50. h5 gxh5 51. gxh5 Ke4 52. h6 Kxf4 53.
Rg7 Ra8 54. Nd3+ Kf5 55. Rxf7+ Kg6 56. Rf6+ Kh7 57. Rxe6 Rc8+ 58. Kd2 Rc4 59.
Ke3 Re4+ 60. Kf3 Rd4 61. Nf2 Ra4 62. Ng4 Ra8 63. Rd6 Rf8+ 64. Kg3 d4 65. Rxd4
Ra8 66. Rd6 Rc8 67. Kf4 Rb8 68. Kf5 Rf8+ 69. Rf6 Rd8 70. Rf7+ Kh8 71. e6 Rg8
72. e7 1-0

[Event "Madrid ch Veteranos 2324"]
[Site "Madrid ESP"]
[Date "2024.03.11"]
[Round "1.24"]
[White "Conchillo Roman, Jose Ignacio"]
[Black "Vazquez Gonzalez, Francisco"]
[Result "0-1"]
[WhiteElo "1718"]
[BlackElo "1918"]
[PlyCount "84"]
[EventDate "2024.03.11"]
[EventType "swiss"]
[EventRounds "9"]
[EventCountry "ESP"]
[SourceTitle "Ajedrez en Madrid"]
[Source "lmi"]
[SourceDate "2024.03.11"]
[SourceVersion "1"]
[SourceVersionDate "2024.03.23"]
[SourceQuality "1"]

1. e4 e5 2. Nf3 Nc6 3. Bb5 f5 4. d3 fxe4 5. dxe4 Nf6 6. Bg5 Bc5 7. O-O d6 8. h3
O-O 9. Nc3 Be6 10. Ne2 Qe8 11. Ng3 Qg6 12. Bd3 h6 13. Nf5 hxg5 14. Qd2 Nxe4 15.
Bxe4 Bxf5 16. Bd5+ Kh8 17. Nxg5 Ne7 18. Bb3 e4 19. Qf4 d5 20. Qg3 Qh5 21. h4
Bd6 22. Qe3 Qxh4 23. g3 Qg4 24. Kg2 Bg6 25. Rh1+ Bh5 26. Rxh5+ Qxh5 27. Rh1
Qxh1+ 28. Kxh1 Rf5 29. g4 Rf6 30. Kg2 Raf8 31. Nh3 Rg6 32. g5 b6 33. Bxd5 Nxd5
34. Qxe4 Ne7 35. Qh4+ Kg8 36. Qc4+ Rf7 37. f4 Kf8 38. Qe4 Kg8 39. a3 Rf5 40. b4
Kf7 41. c4 Re6 42. g6+ Rxg6+ 0-1

[Event "Madrid ch Veteranos 2324"]
[Site "Madrid ESP"]
[Date "2024.03.11"]
[Round "1.25"]
[White "Moreno Torrero, Javier"]
[Black "Ortega Molina, Tomas"]
[Result "1-0"]
[WhiteElo "1911"]
[BlackElo "1716"]
[PlyCount "65"]
[EventDate "2024.03.11"]
[EventType "swiss"]
[EventRounds "9"]
[EventCountry "ESP"]
[SourceTitle "Ajedrez en Madrid"]
[Source "lmi"]
[SourceDate "2024.03.11"]
[SourceVersion "1"]
[SourceVersionDate "2024.03.23"]
[SourceQuality "1"]

1. e4 c5 2. Nf3 d6 3. d4 cxd4 4. Nxd4 Nf6 5. Nc3 a6 6. Bc4 e6 7. Bb3 Nc6 8. O-O
Qc7 9. Be3 Be7 10. f4 O-O 11. f5 Nxd4 12. Bxd4 e5 13. Be3 b5 14. g4 Bb7 15. g5
Nxe4 16. Nd5 Qd8 17. f6 gxf6 18. gxf6 Nxf6 19. Nxe7+ Kh8 20. Bg5 Rg8 21. Nxg8
Qxg8 22. h4 Ne4 23. Qg4 Nxg5 24. Qxg5 Qxg5+ 25. hxg5 Rg8 26. Rf5 Be4 27. Rxf7
Rxg5+ 28. Kh2 d5 29. Rg1 Rg6 30. Rxg6 hxg6 31. Ra7 d4 32. Rxa6 Kg7 33. Re6 1-0

[Event "Madrid ch Veteranos 2324"]
[Site "Madrid ESP"]
[Date "2024.03.11"]
[Round "1.26"]
[White "Nevado Munoz, Rafael"]
[Black "Largo Barbero, Benito"]
[Result "0-1"]
[WhiteElo "1710"]
[BlackElo "1897"]
[PlyCount "114"]
[EventDate "2024.03.11"]
[EventType "swiss"]
[EventRounds "9"]
[EventCountry "ESP"]
[SourceTitle "Ajedrez en Madrid"]
[Source "lmi"]
[SourceDate "2024.03.11"]
[SourceVersion "1"]
[SourceVersionDate "2024.03.23"]
[SourceQuality "1"]

1. e4 d6 2. d4 g6 3. Nf3 Bg7 4. Nc3 Nf6 5. Be2 c6 6. O-O O-O 7. Be3 Nbd7 8. Qd2
Ng4 9. h3 Nxe3 10. Qxe3 e5 11. Rad1 Qe8 12. d5 c5 13. Nd2 a6 14. Nc4 Qe7 15. b3
f5 16. f3 f4 17. Qf2 Bf6 18. Qe1 Bh4 19. Qd2 Nf6 20. Bd3 Nh5 21. Nb6 Rb8 22.
Nxc8 Rbxc8 23. Ne2 Rf7 24. c4 g5 25. b4 Nf6 26. Nc1 h5 27. Be2 Rg7 28. bxc5 g4
29. Kh1 gxh3 30. gxh3 Qd7 31. Bd3 Rg3 32. Rg1 Qxh3+ 33. Qh2 Qxh2+ 34. Kxh2 Rxc5
35. Ne2 Rxg1 36. Rxg1+ Kf7 37. Rb1 Rc7 38. Ng1 Bg3+ 39. Kh1 Nd7 40. Nh3 Nc5 41.
Bf1 Kf6 42. Rb6 Ke7 43. Ng5 Bf2 44. Rb2 Bg3 45. Bh3 Nd3 46. Rb1 b5 47. cxb5
axb5 48. Bf1 Ne1 49. Rxb5 Rc2 50. Rb7+ Kf6 51. Nh7+ Kg6 52. Nf8+ Kg5 53. Rg7+
Kf6 54. Rg6+ Kf7 55. Bb5 Rh2+ 56. Kg1 Nxf3+ 57. Kf1 Rf2# 0-1

[Event "Madrid ch Veteranos 2324"]
[Site "Madrid ESP"]
[Date "2024.03.11"]
[Round "1.27"]
[White "Toledo Aguirre, Gonzalo"]
[Black "Perez Pascual, Arturo"]
[Result "1-0"]
[WhiteElo "1896"]
[BlackElo "1710"]
[PlyCount "61"]
[EventDate "2024.03.11"]
[EventType "swiss"]
[EventRounds "9"]
[EventCountry "ESP"]
[SourceTitle "Ajedrez en Madrid"]
[Source "lmi"]
[SourceDate "2024.03.11"]
[SourceVersion "1"]
[SourceVersionDate "2024.03.23"]
[SourceQuality "1"]

1. e4 e5 2. Nf3 Nf6 3. Nxe5 Qe7 4. d4 Nc6 5. Nc3 Nxe5 6. dxe5 Qxe5 7. f4 Qa5 8.
Bd2 Bb4 9. a3 Bxc3 10. Bxc3 Qc5 11. Bd3 Qc6 12. Qe2 O-O 13. O-O-O Re8 14. Rhe1
a6 15. g4 d5 16. exd5 Rxe2 17. dxc6 Rxe1 18. Rxe1 Bxg4 19. cxb7 Rb8 20. Rg1 h5
21. h3 Nd5 22. hxg4 Rxb7 23. Bd2 hxg4 24. Bxa6 Rb6 25. Bc8 Nf6 26. Bxg4 Ne4 27.
Be3 Rg6 28. Bf3 Re6 29. Bxe4 Rxe4 30. Kd2 f5 31. Rg5 1-0

[Event "Madrid ch Veteranos 2324"]
[Site "Madrid ESP"]
[Date "2024.03.11"]
[Round "1.28"]
[White "Martinez Miura, Enrique"]
[Black "Garcia Martin, Esteban"]
[Result "0-1"]
[WhiteElo "1696"]
[BlackElo "1895"]
[PlyCount "86"]
[EventDate "2024.03.11"]
[EventType "swiss"]
[EventRounds "9"]
[EventCountry "ESP"]
[SourceTitle "Ajedrez en Madrid"]
[Source "lmi"]
[SourceDate "2024.03.11"]
[SourceVersion "1"]
[SourceVersionDate "2024.03.23"]
[SourceQuality "1"]

1. e4 c5 2. c4 Nc6 3. Nc3 g6 4. g3 Bg7 5. Bg2 d6 6. Nge2 Nf6 7. O-O O-O 8. d3
a6 9. a3 Rb8 10. Rb1 b5 11. Bd2 b4 12. axb4 Nxb4 13. Be3 Ng4 14. Nd5 e6 15.
Nxb4 Rxb4 16. Bd2 Rxb2 17. Rxb2 Bxb2 18. Bc3 Bxc3 19. Nxc3 Ne5 20. f4 Nd7 21.
g4 Bb7 22. g5 Qa5 23. Ne2 Rb8 24. Ng3 Bc6 25. f5 exf5 26. exf5 Bxg2 27. Kxg2
Rb2+ 28. Rf2 Qa2 29. Rxb2 Qxb2+ 30. Kh1 Qd4 31. f6 h6 32. Qa4 Nf8 33. gxh6 Qxf6
34. Qxa6 Kh7 35. Qa8 Ne6 36. Qg2 Kxh6 37. Qd2+ Kg7 38. Qg2 Qa1+ 39. Nf1 Qd4 40.
Qe4 Qxe4+ 41. dxe4 Kf6 42. Kg2 Ke5 43. Nd2 Ng5 0-1

[Event "Madrid ch Veteranos 2324"]
[Site "Madrid ESP"]
[Date "2024.03.11"]
[Round "1.30"]
[White "Hortelano Hap, Ramon"]
[Black "Villares Galiano, Luis"]
[Result "0-1"]
[WhiteElo "1680"]
[BlackElo "1890"]
[PlyCount "34"]
[EventDate "2024.03.11"]
[EventType "swiss"]
[EventRounds "9"]
[EventCountry "ESP"]
[SourceTitle "Ajedrez en Madrid"]
[Source "lmi"]
[SourceDate "2024.03.11"]
[SourceVersion "1"]
[SourceVersionDate "2024.03.23"]
[SourceQuality "1"]

1. f4 e5 2. fxe5 d6 3. exd6 Bxd6 4. Nf3 g5 5. g3 g4 6. Nh4 Ne7 7. e4 Nbc6 8. c3
Ng6 9. Nf5 Bxf5 10. exf5 Nge5 11. Be2 Bc5 12. d4 Qd5 13. Rf1 O-O-O 14. Qb3 Qg2
15. dxc5 Nf3+ 16. Rxf3 gxf3 17. Qc4 Qg1+ 0-1

[Event "Madrid ch Veteranos 2324"]
[Site "Madrid ESP"]
[Date "2024.03.11"]
[Round "1.31"]
[White "Rodriguez Valdeavero, Julio Cesa"]
[Black "Menendez Domens, Juan Manuel"]
[Result "1-0"]
[WhiteElo "1887"]
[BlackElo "1651"]
[PlyCount "75"]
[EventDate "2024.03.11"]
[EventType "swiss"]
[EventRounds "9"]
[EventCountry "ESP"]
[SourceTitle "Ajedrez en Madrid"]
[Source "lmi"]
[SourceDate "2024.03.11"]
[SourceVersion "1"]
[SourceVersionDate "2024.03.23"]
[SourceQuality "1"]

1. Nf3 Nf6 2. c4 b6 3. Nc3 Bb7 4. d4 d5 5. Bf4 e6 6. e3 Bd6 7. Bg3 O-O 8. cxd5
Bxg3 9. hxg3 exd5 10. Bd3 Re8 11. Ne5 Nbd7 12. Nxd7 Qxd7 13. Bxh7+ Kf8 14. Bd3
Ke7 15. Qc2 c5 16. dxc5 bxc5 17. O-O-O Rh8 18. Rxh8 Rxh8 19. Bb5 Qd8 20. Nxd5+
Bxd5 21. Qxc5+ Ke6 22. Bc4 Qa8 23. e4 Rc8 24. exd5+ Ke5 25. Qd4+ Kd6 26. Kb1
Qb7 27. Bb3 Rc5 28. Qf4+ Kd7 29. Ba4+ Kd8 30. Qd6+ Nd7 31. Bxd7 Qxd7 32. Qf8+
Qe8 33. Qd6+ Qd7 34. Qxc5 Qf5+ 35. Qc2 Qd7 36. d6 Ke8 37. Qh7 f6 38. Qg8# 1-0

[Event "Madrid ch Veteranos 2324"]
[Site "Madrid ESP"]
[Date "2024.03.11"]
[Round "1.32"]
[White "Calle Trueba, Jose Antonio"]
[Black "Vukotic Jovsic, Dragan"]
[Result "0-1"]
[WhiteElo "1646"]
[BlackElo "1882"]
[PlyCount "76"]
[EventDate "2024.03.11"]
[EventType "swiss"]
[EventRounds "9"]
[EventCountry "ESP"]
[SourceTitle "Ajedrez en Madrid"]
[Source "lmi"]
[SourceDate "2024.03.11"]
[SourceVersion "1"]
[SourceVersionDate "2024.03.23"]
[SourceQuality "1"]

1. e4 e6 2. d4 d5 3. Nd2 dxe4 4. Nxe4 Nf6 5. Nxf6+ Qxf6 6. Nf3 h6 7. Bd3 Bd6 8.
O-O O-O 9. c3 Nd7 10. Be3 e5 11. dxe5 Nxe5 12. Nxe5 Qxe5 13. g3 Bh3 14. Re1 Qf6
15. Qh5 Be6 16. Bd4 Qg5 17. Qxg5 hxg5 18. Be5 Rad8 19. Bxd6 Rxd6 20. Red1 Rfd8
21. Bc2 Rd2 22. Bb3 Rxd1+ 23. Bxd1 Rd2 24. b3 c6 25. c4 a5 26. Kf1 Bf5 27. Ke1
Rb2 28. a3 Bb1 29. Kf1 Ba2 30. h3 Kf8 31. Kg2 Bxb3 32. Bxb3 Rxb3 33. c5 Ke7 34.
Re1+ Kf6 35. g4 a4 36. Re3 Rxe3 37. fxe3 Ke5 38. Kf3 Kd5 0-1

[Event "Madrid ch Veteranos 2324"]
[Site "Madrid ESP"]
[Date "2024.03.11"]
[Round "1.33"]
[White "Lopez Molina, Santiago Jorge"]
[Black "Saflekos, Apostolos"]
[Result "1-0"]
[WhiteElo "1881"]
[BlackElo "1639"]
[PlyCount "79"]
[EventDate "2024.03.11"]
[EventType "swiss"]
[EventRounds "9"]
[EventCountry "ESP"]
[SourceTitle "Ajedrez en Madrid"]
[Source "lmi"]
[SourceDate "2024.03.11"]
[SourceVersion "1"]
[SourceVersionDate "2024.03.23"]
[SourceQuality "1"]

1. e4 e5 2. Nf3 Nc6 3. Bc4 d6 4. d4 Bg4 5. dxe5 Nxe5 6. Nxe5 Bxd1 7. Bxf7+ Ke7
8. Bxg8 Kf6 9. Bg5+ Kxe5 10. Bxd8 Rxg8 11. Kxd1 Rxd8 12. Nc3 d5 13. exd5 c6 14.
Re1+ Kf5 15. Re3 Bc5 16. Rd3 cxd5 17. Nxd5 Rge8 18. c4 b5 19. b3 Ke4 20. Rd2
bxc4 21. bxc4 Bd4 22. f3+ Ke5 23. Rb1 Rc8 24. Re2+ Kd6 25. Rxe8 Rxe8 26. Kd2
Be5 27. Re1 Rb8 28. f4 Rb2+ 29. Kd3 Bf6 30. Nxf6 gxf6 31. Re2 Rxe2 32. Kxe2 Kc5
33. Kd3 f5 34. Kc3 h5 35. g3 a5 36. a4 Kd6 37. Kd4 Kc6 38. c5 Kd7 39. Kd5 Kc7
40. c6 1-0

[Event "Madrid ch Veteranos 2324"]
[Site "Madrid ESP"]
[Date "2024.03.11"]
[Round "1.34"]
[White "Vasquez Escobar, Andres Eloy"]
[Black "Pashov, Spas Nikolov"]
[Result "0-1"]
[WhiteElo "1626"]
[BlackElo "1881"]
[PlyCount "76"]
[EventDate "2024.03.11"]
[EventType "swiss"]
[EventRounds "9"]
[EventCountry "ESP"]
[SourceTitle "Ajedrez en Madrid"]
[Source "lmi"]
[SourceDate "2024.03.11"]
[SourceVersion "1"]
[SourceVersionDate "2024.03.23"]
[SourceQuality "1"]

1. e4 e5 2. f4 exf4 3. Nf3 d5 4. exd5 Nf6 5. d4 Nxd5 6. c4 Ne3 7. Qe2 Bb4+ 8.
Nc3 O-O 9. Kf2 Re8 10. Qd3 Bf5 11. Qd2 Nd7 12. Bd3 Bxd3 13. Qxd3 Nc5 14. Qb1
Bxc3 15. bxc3 Ne4+ 16. Kg1 Nxc3 17. Qd3 Ne4 18. Bxe3 fxe3 19. Qxe3 Ng3 20. Qb3
Nxh1 21. Kxh1 b6 22. h3 c5 23. d5 Qd6 24. Qd3 Qf4 25. Rf1 Re3 26. Qc2 Rae8 27.
Nh2 Re1 28. Kg1 Qe3+ 29. Kh1 Qe2 30. Qf5 Rxf1+ 31. Nxf1 Qxc4 32. Ng3 Rd8 33. d6
Qe6 34. Qxe6 fxe6 35. Ne4 c4 36. a4 a6 37. Kg1 Rxd6 38. Nxd6 c3 0-1

[Event "Madrid ch Veteranos 2324"]
[Site "Madrid ESP"]
[Date "2024.03.11"]
[Round "1.35"]
[White "Ubillus Carrasco, Javier"]
[Black "Infante Martin, Alonso"]
[Result "0-1"]
[WhiteElo "1879"]
[BlackElo "1618"]
[PlyCount "107"]
[EventDate "2024.03.11"]
[EventType "swiss"]
[EventRounds "9"]
[EventCountry "ESP"]
[SourceTitle "Ajedrez en Madrid"]
[Source "lmi"]
[SourceDate "2024.03.11"]
[SourceVersion "1"]
[SourceVersionDate "2024.03.23"]
[SourceQuality "1"]

1. e4 e5 2. Nf3 Nc6 3. Bc4 Nf6 4. d3 h6 5. c3 d6 6. Nbd2 Be7 7. Bb3 O-O 8. Nf1
Kh7 9. Qe2 Ng8 10. h3 a6 11. g4 Na5 12. Bc2 b5 13. Ng3 g6 14. Be3 c5 15. Kd2
Nc6 16. Rag1 Qa5 17. Bb1 b4 18. Rc1 Be6 19. b3 bxc3+ 20. Kd1 Nd4 21. Bxd4 cxd4
22. Rc2 f6 23. Nh4 d5 24. Ng2 Qb5 25. f4 dxe4 26. Nxe4 f5 27. gxf5 Bxf5 28. Qf3
Rae8 29. Re2 a5 30. Bc2 Qb4 31. Ke1 Qa3 32. Bd1 Qb4 33. Kf2 Qb6 34. Kg1 Qc7 35.
Kh2 exf4 36. Rhe1 Kh8 37. Bc2 g5 38. Kh1 Qd7 39. Kh2 g4 40. Qxf4 Bxe4 41. Qe5+
Nf6 42. Qxa5 Bd6+ 43. Kg1 gxh3 44. dxe4 Re5 45. Qa6 Rg8 46. Qd3 Nh5 47. Qf3 Nf4
48. Qxf4 Reg5 49. Qf6+ R8g7 50. Qxh6+ Kg8 51. e5 Rxg2+ 52. Kh1 Qg4 53. Bd3 Rg1+
54. Kh2 0-1

[Event "Madrid ch Veteranos 2324"]
[Site "Madrid ESP"]
[Date "2024.03.11"]
[Round "1.36"]
[White "Arjona Anchoriz, Ignacio"]
[Black "Gil Sierra, Jacinto"]
[Result "1/2-1/2"]
[WhiteElo "1606"]
[BlackElo "1877"]
[PlyCount "79"]
[EventDate "2024.03.11"]
[EventType "swiss"]
[EventRounds "9"]
[EventCountry "ESP"]
[SourceTitle "Ajedrez en Madrid"]
[Source "lmi"]
[SourceDate "2024.03.11"]
[SourceVersion "1"]
[SourceVersionDate "2024.03.23"]
[SourceQuality "1"]

1. d4 e6 2. Nf3 f5 3. e3 Nf6 4. Bd3 b6 5. c4 Bb4+ 6. Bd2 Bxd2+ 7. Nbxd2 Bb7 8.
O-O O-O 9. Re1 Ne4 10. Nf1 d6 11. h3 Nd7 12. N1h2 Ndf6 13. Be2 Qe8 14. d5 e5
15. Nh4 Bc8 16. g4 fxg4 17. hxg4 Qe7 18. Nf5 Bxf5 19. gxf5 Qd7 20. f3 Ng5 21.
e4 Nh5 22. Ng4 Nf4 23. Bf1 Qf7 24. Kf2 Qh5 25. Ke3 Qh4 26. Kd2 h5 27. Ne3 Qf2+
28. Kc3 Nxf3 29. Re2 Nxe2+ 30. Qxe2 Qxe2 31. Bxe2 Nd4 32. Bxh5 b5 33. b3 bxc4
34. bxc4 Rab8 35. Rg1 Rf6 36. Rg5 Rh6 37. Ng4 Rxh5 38. Nf6+ Kf7 39. Nxh5 Rg8
40. Rg6 1/2-1/2

[Event "Madrid ch Veteranos 2324"]
[Site "Madrid ESP"]
[Date "2024.03.11"]
[Round "1.37"]
[White "Sanchez Peral, Pedro"]
[Black "Perales Hernandez, Manuel"]
[Result "1-0"]
[WhiteElo "1875"]
[BlackElo "1594"]
[PlyCount "61"]
[EventDate "2024.03.11"]
[EventType "swiss"]
[EventRounds "9"]
[EventCountry "ESP"]
[SourceTitle "Ajedrez en Madrid"]
[Source "lmi"]
[SourceDate "2024.03.11"]
[SourceVersion "1"]
[SourceVersionDate "2024.03.23"]
[SourceQuality "1"]

1. e4 e5 2. Nf3 Nf6 3. Nxe5 Nc6 4. Nf3 Nxe4 5. Nc3 Nf6 6. d4 d5 7. Bb5 Bd7 8.
O-O Bb4 9. Re1+ Ne7 10. Qe2 a5 11. a3 c6 12. Bd3 Bd6 13. Bg5 Nfg8 14. Na4 b6
15. Nc3 h6 16. Bh4 g5 17. Bg3 Bxg3 18. hxg3 Qc7 19. Ne5 Nf6 20. Nxf7 Kxf7 21.
Qxe7+ Kg8 22. Qxf6 Be8 23. Re7 Qxe7 24. Qxe7 Rh7 25. Qxh7+ Kf8 26. Re1 Bf7 27.
Qxh6+ Kg8 28. Bh7+ Kh8 29. Bg6+ Kg8 30. Qh7+ Kf8 31. Qxf7# 1-0

[Event "Madrid ch Veteranos 2324"]
[Site "Madrid ESP"]
[Date "2024.03.11"]
[Round "1.38"]
[White "Lopez Manso, Jeronimo"]
[Black "Fernandez Garcia, Ignacio"]
[Result "0-1"]
[WhiteElo "1559"]
[BlackElo "1873"]
[PlyCount "28"]
[EventDate "2024.03.11"]
[EventType "swiss"]
[EventRounds "9"]
[EventCountry "ESP"]
[SourceTitle "Ajedrez en Madrid"]
[Source "lmi"]
[SourceDate "2024.03.11"]
[SourceVersion "1"]
[SourceVersionDate "2024.03.23"]
[SourceQuality "1"]

1. f4 e5 2. fxe5 d6 3. Nf3 dxe5 4. e4 Bc5 5. Nc3 Bg4 6. Bc4 Nf6 7. Bxf7+ Kf8 8.
Bc4 Nc6 9. d3 Nd4 10. Na4 Bxf3 11. gxf3 Nxe4 12. fxe4 Qh4+ 13. Kd2 Bb4+ 14. Ke3
Qf4# 0-1

[Event "Madrid ch Veteranos 2324"]
[Site "Madrid ESP"]
[Date "2024.03.11"]
[Round "1.39"]
[White "Pareja Vicente, Antonio"]
[Black "Lopez Saez, Maria Jose"]
[Result "1-0"]
[WhiteElo "1869"]
[BlackElo "1467"]
[PlyCount "47"]
[EventDate "2024.03.11"]
[EventType "swiss"]
[EventRounds "9"]
[EventCountry "ESP"]
[SourceTitle "Ajedrez en Madrid"]
[Source "lmi"]
[SourceDate "2024.03.11"]
[SourceVersion "1"]
[SourceVersionDate "2024.03.23"]
[SourceQuality "1"]

1. e4 e5 2. Nc3 Nf6 3. Bc4 Bc5 4. d3 h6 5. f4 d6 6. Na4 Nc6 7. Nxc5 dxc5 8. f5
Bd7 9. Nf3 Qe7 10. O-O O-O-O 11. Qe1 g6 12. fxg6 fxg6 13. Nh4 Qg7 14. Qg3 g5
15. Nf5 Bxf5 16. Rxf5 Rde8 17. Be3 Qe7 18. Raf1 Nd4 19. Bxd4 cxd4 20. Rxf6 Qc5
21. Rf7 b5 22. Bb3 a5 23. Qh3+ Kd8 24. Qd7# 1-0

[Event "Madrid ch Veteranos 2324"]
[Site "Madrid ESP"]
[Date "2024.03.12"]
[Round "2.1"]
[White "Largo Barbero, Benito"]
[Black "Candela Perez, Jose"]
[Result "0-1"]
[WhiteElo "1897"]
[BlackElo "2301"]
[PlyCount "56"]
[EventDate "2024.03.11"]
[EventType "swiss"]
[EventRounds "9"]
[EventCountry "ESP"]
[SourceTitle "Ajedrez en Madrid"]
[Source "lmi"]
[SourceDate "2024.03.11"]
[SourceVersion "1"]
[SourceVersionDate "2024.03.23"]
[SourceQuality "1"]

1. g3 d5 2. Bg2 Nf6 3. f4 g6 4. Nf3 Bg7 5. d3 O-O 6. O-O b5 7. c3 c5 8. Qe1 Bb7
9. Na3 a6 10. Nc2 Nbd7 11. Nd2 e5 12. e4 dxe4 13. dxe4 c4 14. h3 exf4 15. gxf4
Nc5 16. Qe2 Nfxe4 17. Nxe4 Nxe4 18. Kh2 Qd3 19. Qxd3 cxd3 20. Bxe4 Bxe4 21. Ne3
Rfe8 22. Bd2 f5 23. h4 Bf8 24. Rf2 Bc5 25. Re1 Ra7 26. Rff1 Rae7 27. Kg3 Bc6
28. Nd1 Re2 0-1

[Event "Madrid ch Veteranos 2324"]
[Site "Madrid ESP"]
[Date "2024.03.12"]
[Round "2.2"]
[White "Longa Yauca, Javier"]
[Black "Moreno Torrero, Javier"]
[Result "1-0"]
[WhiteElo "2238"]
[BlackElo "1911"]
[PlyCount "85"]
[EventDate "2024.03.11"]
[EventType "swiss"]
[EventRounds "9"]
[EventCountry "ESP"]
[SourceTitle "Ajedrez en Madrid"]
[Source "lmi"]
[SourceDate "2024.03.11"]
[SourceVersion "1"]
[SourceVersionDate "2024.03.23"]
[SourceQuality "1"]

1. e4 c5 2. Nc3 Nc6 3. d3 g6 4. f4 Bg7 5. Nf3 d6 6. Be2 e6 7. O-O Nge7 8. Kh1
O-O 9. Be3 b5 10. d4 b4 11. Na4 Qa5 12. c3 cxd4 13. cxd4 Bd7 14. b3 f5 15. e5
dxe5 16. fxe5 Nd5 17. Bd2 Nxd4 18. Nxd4 Bxe5 19. Nf3 Bxa1 20. Qxa1 Bxa4 21.
bxa4 Nc3 22. Bc4 Rfe8 23. Qe1 Nd5 24. Qh4 Qc7 25. Bb3 Qe7 26. Bg5 Qg7 27. Nd4
Nc7 28. Bf6 Qf7 29. Be5 Nd5 30. Qh6 Rad8 31. h3 Qf8 32. Qh4 Qe7 33. Qxe7 Rxe7
34. Nc6 Red7 35. Nxd8 Rxd8 36. Rc1 Kf7 37. Rc6 Rd7 38. a5 Ke7 39. a6 Kf7 40. g4
fxg4 41. hxg4 g5 42. Kg2 Re7 43. Kf3 1-0

[Event "Madrid ch Veteranos 2324"]
[Site "Madrid ESP"]
[Date "2024.03.12"]
[Round "2.3"]
[White "Garcia Martin, Esteban"]
[Black "Grabuzova, Tatiana"]
[Result "0-1"]
[WhiteElo "1895"]
[BlackElo "2216"]
[PlyCount "94"]
[EventDate "2024.03.11"]
[EventType "swiss"]
[EventRounds "9"]
[EventCountry "ESP"]
[SourceTitle "Ajedrez en Madrid"]
[Source "lmi"]
[SourceDate "2024.03.11"]
[SourceVersion "1"]
[SourceVersionDate "2024.03.23"]
[SourceQuality "1"]

1. c4 e6 2. Nf3 d5 3. b3 Nf6 4. Bb2 c5 5. e3 Nc6 6. d4 cxd4 7. Nxd4 Bb4+ 8. Bc3
Qa5 9. Bxb4 Nxb4 10. Nd2 e5 11. Nc2 Nc6 12. a3 Bf5 13. b4 Qa4 14. Rc1 Rd8 15.
f3 Bxc2 16. Qxc2 Qxa3 17. Qc3 Qxc3 18. Rxc3 Nxb4 19. cxd5 Nbxd5 20. Rb3 Nb6 21.
Bb5+ Ke7 22. Ke2 Rd6 23. Nc4 Nxc4 24. Bxc4 b6 25. Ra1 a5 26. Rab1 Rc8 27. Bd3
Nd5 28. Ra1 Rc3 29. Rab1 Rxb3 30. Rxb3 Nb4 31. Be4 g6 32. g4 f6 33. Rc3 Rd7 34.
h4 Ke6 35. Rc8 f5 36. gxf5+ gxf5 37. Re8+ Kf6 38. Rf8+ Rf7 39. Rxf7+ Kxf7 40.
Bxf5 h6 41. Be4 Ke6 42. Kd2 a4 43. f4 exf4 44. exf4 Nd5 45. f5+ Ke5 46. Bc2 a3
47. Bb1 Nb4 0-1

[Event "Madrid ch Veteranos 2324"]
[Site "Madrid ESP"]
[Date "2024.03.12"]
[Round "2.4"]
[White "Barraza Caracuel, Ignacio"]
[Black "Martin Garcia, Luis I"]
[Result "1-0"]
[WhiteElo "2049"]
[BlackElo "1894"]
[PlyCount "133"]
[EventDate "2024.03.11"]
[EventType "swiss"]
[EventRounds "9"]
[EventCountry "ESP"]
[SourceTitle "Ajedrez en Madrid"]
[Source "lmi"]
[SourceDate "2024.03.11"]
[SourceVersion "1"]
[SourceVersionDate "2024.03.23"]
[SourceQuality "1"]

1. d4 d5 2. Nf3 c5 3. e3 Nc6 4. b3 cxd4 5. exd4 Nf6 6. a3 Bg4 7. Be2 e6 8. O-O
Be7 9. Bb2 O-O 10. Nbd2 Rc8 11. c4 Re8 12. c5 Nd7 13. b4 b6 14. b5 Na5 15. c6
Nf6 16. Bd3 Bd6 17. Qc2 Bxf3 18. Nxf3 h6 19. Rfe1 Bf4 20. g3 Bd6 21. Ne5 Re7
22. Re2 Bxe5 23. dxe5 Nd7 24. Bd4 Nc5 25. Bxc5 bxc5 26. Qxc5 Nb3 27. Qc3 Nxa1
28. Qxa1 a5 29. Qd4 Rb8 30. Rc2 Qc7 31. a4 Ree8 32. h4 Qb6 33. Rc5 Rec8 34. h5
Qd8 35. f4 f5 36. exf6 Qxf6 37. Qxf6 gxf6 38. f5 Kf7 39. g4 Rc7 40. Kf2 Ke7 41.
fxe6 Kd6 42. Rc1 Kxe6 43. Ke3 Ke5 44. Bf5 Re7 45. Kd3 Kd6 46. Kd4 Kc7 47. Kxd5
Re5+ 48. Kd4 Re2 49. Bd7 Ra2 50. Rc4 Rd2+ 51. Kc5 Re2 52. Rf4 Re5+ 53. Kd4 Rf8
54. Kc4 Kb6 55. Rd4 Rd8 56. Kd3 Rf8 57. Bf5 Rf7 58. Rd8 Ree7 59. Rh8 Re1 60.
Rxh6 Ra1 61. Rh8 Rxa4 62. Bd7 Ra3+ 63. Kc2 Ra2+ 64. Kb3 Rf2 65. Rb8+ Kc5 66. c7
Rf3+ 67. Ka4 1-0

[Event "Madrid ch Veteranos 2324"]
[Site "Madrid ESP"]
[Date "2024.03.12"]
[Round "2.5"]
[White "Villares Galiano, Luis"]
[Black "Gonzalez Rivera, Eduardo"]
[Result "1/2-1/2"]
[WhiteElo "1890"]
[BlackElo "1999"]
[PlyCount "55"]
[EventDate "2024.03.11"]
[EventType "swiss"]
[EventRounds "9"]
[EventCountry "ESP"]
[SourceTitle "Ajedrez en Madrid"]
[Source "lmi"]
[SourceDate "2024.03.11"]
[SourceVersion "1"]
[SourceVersionDate "2024.03.23"]
[SourceQuality "1"]

1. e4 e5 2. Nf3 Nc6 3. d4 exd4 4. Nxd4 Nf6 5. Nxc6 bxc6 6. e5 Qe7 7. Qe2 Nd5 8.
Nd2 g6 9. c4 Nb6 10. Ne4 Bg7 11. Bg5 Qb4+ 12. Qd2 Qxd2+ 13. Kxd2 Bxe5 14. Nf6+
Bxf6 15. Re1+ Kf8 16. Bxf6 Rg8 17. Bd8 Ba6 18. Bxc7 Kg7 19. c5 Bxf1 20. cxb6
Ba6 21. Re7 axb6 22. Bxb6 Bc4 23. Rxd7 Bxa2 24. Re1 Rae8 25. Bd4+ Kh6 26. Be3+
Kg7 27. Bd4+ Kh6 28. Be3+ 1/2-1/2